| 000 | 02218cam a2200433 i 4500 | ||
|---|---|---|---|
| 999 |
_c7017 _d7017 |
||
| 001 | 1607191 | ||
| 003 | OSt | ||
| 005 | 20210824154250.0 | ||
| 008 | 121003s2013 enka b 001 0 eng d | ||
| 015 |
_aGBB2A1579 _2bnb |
||
| 016 | 7 |
_a016185873 _2Uk |
|
| 020 | _a9780199600632 (hbk.) | ||
| 020 | _a0199600635 (hbk.) | ||
| 020 | _a0199600643 (pbk.) | ||
| 020 | _a9780199600649 (pbk.) | ||
| 040 |
_aUKMGB _beng _erda _cUKMGB _dOCLCO _dBTCTA _dYDXCP _dCDX _dBWX _dORU |
||
| 041 | 0 | _aeng | |
| 042 | _anlmcopyc | ||
| 050 | 4 | _aQH | |
| 060 | 0 | 0 | _aQU 375 |
| 082 | 0 | 4 | _a578.7END 2013 |
| 100 | 1 |
_aEndres, Robert G., _eauthor. _914404 |
|
| 245 | 1 | 0 |
_aPhysical principles in sensing and signaling : _bwith an introduction to modeling in biology / _cRobert G. Endres, Division of Molecular Biosciences, Imperial College London. |
| 250 | _aFirst edition. | ||
| 264 | 1 |
_aOxford, United Kingdom : _bOxford University Press, _c2013. |
|
| 300 |
_axi, 145 pages : _billustrations ; _c25 cm |
||
| 336 |
_atext _2rdacontent |
||
| 337 |
_aunmediated _2rdamedia |
||
| 338 |
_avolume _2rdacarrier |
||
| 504 | _aIncludes bibliographical references and index. | ||
| 505 | 0 | _aIntroduction -- Chemotaxis in bacterium Escherichia coli -- Physical concepts -- Mathematical tools -- Signal amplification and integration -- Robust precise adaptation -- Polar receptor localization and clustering -- Accuracy of sensing -- Motor impulse response -- Optimization of pathway -- "Seeing like a bacterium" -- Beyond E. coli chemotaxis -- Appendix more techniques. | |
| 520 | _a"This textbook is aimed at newcomers in the field of biological physics, especially motivated undergraduate and beginning graduate students with a mathematical and physical background, taking interest in the area of quantitative biology"--Preface. | ||
| 650 | 1 | 2 |
_aCell Communication _xphysiology _0https://id.nlm.nih.gov/mesh/D002450Q000502 _914405 |
| 650 | 1 | 2 |
_aCell Movement _xphysiology _0https://id.nlm.nih.gov/mesh/D002465Q000502 _914406 |
| 650 | 2 | 2 |
_aSignal Transduction _0https://id.nlm.nih.gov/mesh/D015398 _914407 |
| 650 | 2 | 2 |
_aModels, Biological _0https://id.nlm.nih.gov/mesh/D008954 _914408 |
| 942 |
_2ddc _cO_SHELF |
||